Central Library OPAC University of Rajshahi

Applied mathematics in chemical engineering / (Record no. 16196)

MARC details
000 -LEADER
fixed length control field 01050nam a2200301 a 4500
001 - CONTROL NUMBER
control field 16196
003 - CONTROL NUMBER IDENTIFIER
rucl marc code BD-RjUL
005 - DATE AND TIME OF LATEST TRANSACTION
control field 20211208235956.0
008 - FIXED-LENGTH DATA ELEMENTS--GENERAL INFORMATION
fixed length control field 161119s1975 nyua 001 0 eng d
020 ## - INTERNATIONAL STANDARD BOOK NUMBER
International Standard Book Number 070418004
035 ## - SYSTEM CONTROL NUMBER
System control number (BD-RjUL)16251
040 ## - CATALOGING SOURCE
Original cataloging agency DLC/ICU
Transcribing agency ICU
Modifying agency DLC
-- BD-RjUL
Language of cataloging eng
041 ## - LANGUAGE CODE
Language code of text/sound track or separate title eng
082 00 - DEWEY DECIMAL CLASSIFICATION NUMBER
Classification number 515.1
Author mark and year MIA 1957
Edition number 23
100 1# - MAIN ENTRY--PERSONAL NAME
Personal name Mickley, Harold S.
9 (RLIN) 50110
245 10 - TITLE STATEMENT
Title Applied mathematics in chemical engineering /
Statement of responsibility, etc. by Harold S. Mickley, Thomas K. Sherwood ,Charles E. Reed.
250 ## - EDITION STATEMENT
Edition statement 2nd ed. , International Student ed. ,TMH ed.
260 ## - PUBLICATION, DISTRIBUTION, ETC. (IMPRINT)
Place of publication, distribution, etc. New York :
Name of publisher, distributor, etc. Tata Mcgraw-Hill Publishing company Ltd.,
Date of publication, distribution, etc. c1957 [Reprint 1975]
300 ## - PHYSICAL DESCRIPTION
Pagination xii, 413 p. :
Illustrations ill. ;
Size 24 cm.
490 ## - SERIES STATEMENT
Series statement McGraw-Hill chemical engineering series
500 ## - GENERAL NOTE
General note Includes Index
650 #0 - SUBJECT ADDED ENTRY--TOPICAL TERM
Topical term or geographic name as entry element Mathematical analysis.
9 (RLIN) 50112
Topical term or geographic name as entry element Mathematical physics.
9 (RLIN) 50113
700 1# - ADDED ENTRY--PERSONAL NAME
Personal name Sherwood, Thomas K
Personal name Reed, Charies E
830 ## - SERIES ADDED ENTRY--UNIFORM TITLE
Uniform title McGraw-Hill chemical engineering series
942 ## - ADDED ENTRY ELEMENTS (KOHA)
Source of classification or shelving scheme Dewey Decimal Classification
Koha item type Books
Holdings
Lost status Source of classification or shelving scheme Damaged status Not for loan Collection code Permanent Location Current Location Shelving location Date acquired Source of acquisition Cost, normal purchase price Total Checkouts Full call number Date last seen Copy number Koha item type
  Dewey Decimal Classification     Non-fiction Central Library, University of Rajshahi Central Library, University of Rajshahi   30/01/1967 Mirza books agency 15.60   515.1 MIA 1957 11/02/2014 C-4 Books
  Dewey Decimal Classification     Non-fiction Central Library, University of Rajshahi Central Library, University of Rajshahi   10/12/1973 U. S.Govt.     515.1 MIA 1957 17/02/2014 C-5 Books
  Dewey Decimal Classification     Non-fiction Central Library, University of Rajshahi Central Library, University of Rajshahi   05/05/1964 zeithinger 32.60   515.1 MIA 1957 31/03/2014 C-3 Books
  Dewey Decimal Classification     Non-fiction Central Library, University of Rajshahi Central Library, University of Rajshahi   27/02/1979 India Int. Cal 28.50   515.1 MIA 1975 31/08/2016 C-2 Books
  Dewey Decimal Classification     Non-fiction Central Library, University of Rajshahi Central Library, University of Rajshahi   21/01/1963 Zeitlinger     515.1 MIA 1957 17/11/2016 C-6 Books
  Dewey Decimal Classification     Non-fiction Central Library, University of Rajshahi Central Library, University of Rajshahi   10/12/1973 U.S. Govt.     515.1 MIA 1957 21/11/2016 C-7 Books
  Dewey Decimal Classification   Not For Loan Non-fiction Central Library, University of Rajshahi Central Library, University of Rajshahi Reading Room 21/01/1962 Zeitlinger     515.1 MIA 1957 29/04/2017 C-1 Books
  Dewey Decimal Classification     Non-fiction Central Library, University of Rajshahi Central Library, University of Rajshahi   06/09/1973 Book Center Dhaka 25.65   515.1 MIA 1957 03/07/2019 C-8 Books
  Dewey Decimal Classification     Non-fiction Central Library, University of Rajshahi Central Library, University of Rajshahi   10/12/1973 U.S. Govt.     515.1 MIA 1957 07/11/2019 C-9 Books
  Dewey Decimal Classification     Non-fiction Central Library, University of Rajshahi Central Library, University of Rajshahi   10/12/1973 U.S. Govt.     515.1 MIA 1957 11/11/2019 C-10 Books
  Dewey Decimal Classification     Non-fiction Central Library, University of Rajshahi Central Library, University of Rajshahi   18/12/2019       515.1 MIA 1957 18/12/2019 C-11 Books